CDM in practice (sound recording) (Record no. 85196)

MARC details
000 -LEADER
fixed length control field 00960cgm a2200253 4500
008 - FIXED-LENGTH DATA ELEMENTS--GENERAL INFORMATION
fixed length control field 090401t1996 xxu||||| |||| 00| 0 eng d
020 ## - INTERNATIONAL STANDARD BOOK NUMBER
International Standard Book Number 1898671079
035 ## - SYSTEM CONTROL NUMBER
System control number (Sirsi) u5002
041 ## - LANGUAGE CODE
Language code of text/sound track or separate title eng
050 ## - LIBRARY OF CONGRESS CALL NUMBER
Classification number 690.22
110 ## - MAIN ENTRY--CORPORATE NAME
Corporate name or jurisdiction name as entry element Construction Industry Council
9 (RLIN) 2417
245 ## - TITLE STATEMENT
Title CDM in practice (sound recording)
260 ## - PUBLICATION, DISTRIBUTION, ETC.
Place of publication, distribution, etc. London
Name of publisher, distributor, etc. CIC
Date of publication, distribution, etc. 1996
300 ## - PHYSICAL DESCRIPTION
Extent 1 sound cassette (60 min.)
350 ## - PRICE (NR) (BK AM CF MU VM SE) [OBSOLETE]
Price 13
520 ## - SUMMARY, ETC.
Summary, etc. Produced by CERCI Communications for the CPD in Construction Group of the Construction Industry Council. Based on a studio discussion between various experts and practising professionals.
650 ## - SUBJECT ADDED ENTRY--TOPICAL TERM
Topical term or geographic name entry element CONSTRUCTION (DESIGN AND MANAGEMENT) REGULATIONS 1994
650 ## - SUBJECT ADDED ENTRY--TOPICAL TERM
Topical term or geographic name entry element CONSTRUCTION (DESIGN AND MANAGEMENT) REGULATIONS 1994
650 ## - SUBJECT ADDED ENTRY--TOPICAL TERM
Topical term or geographic name entry element CONSTRUCTION (DESIGN AND MANAGEMENT) REGULATIONS 1994
690 ## - LOCAL SUBJECT ADDED ENTRY--TOPICAL TERM (OCLC, RLIN)
Topical term or geographic name as entry element BUILT ENVIRONMENT-BUILDING STANDARDS
700 ## - ADDED ENTRY--PERSONAL NAME
Personal name Birkby, Gillian
International Standard Serial Number Chairman
942 ## - ADDED ENTRY ELEMENTS (KOHA)
Suppress in OPAC 0
948 ## - LOCAL PROCESSING INFORMATION (OCLC); SERIES PART DESIGNATOR (RLIN)
c (OCLC) 04/03/1997
Holdings
Withdrawn status Lost status Source of classification or shelving scheme Damaged status Not for loan Home library Current library Shelving location Date acquired Cost, normal purchase price Total Checkouts Full call number Barcode Date last seen Date last checked out Copy number Cost, replacement price Price effective from Koha item type
    Dewey Decimal Classification     London London Basement 13/06/1996 13.00 33 SHELF 330 30049822 06/08/2019 06/02/2004 1 13.00 06/08/2019 Audio